Microeconomics (Record no. 47)
[ view plain ]
| 000 -LEADER | |
|---|---|
| fixed length control field | 00630nam a22002057a 4500 |
| 003 - CONTROL NUMBER IDENTIFIER | |
| control field | OSt |
| 005 - DATE AND TIME OF LATEST TRANSACTION | |
| control field | 20210528112152.0 |
| 008 - FIXED-LENGTH DATA ELEMENTS--GENERAL INFORMATION | |
| fixed length control field | 210528b ||||| |||| 00| 0 eng d |
| 020 ## - INTERNATIONAL STANDARD BOOK NUMBER | |
| International Standard Book Number | 9780321314918 |
| 040 ## - CATALOGING SOURCE | |
| Transcribing agency | Alupe University |
| 245 ## - TITLE STATEMENT | |
| Title | Microeconomics |
| 250 ## - EDITION STATEMENT | |
| Edition statement | 12th |
| Remainder of edition statement | Canadian |
| 260 ## - PUBLICATION, DISTRIBUTION, ETC. | |
| Place of publication, distribution, etc. | Toronto, Ontario |
| Name of publisher, distributor, etc. | Pearson Addison Wesley |
| Date of publication, distribution, etc. | 2008 |
| 300 ## - PHYSICAL DESCRIPTION | |
| Extent | xxi, 846, M-8, T-9, I-14 pages |
| Other physical details | : illustrations (chiefly color) |
| 500 ## - GENERAL NOTE | |
| General note | Includes index.<br/>Authors' names in reverse order on Canadian 10th ed. |
| 650 ## - SUBJECT ADDED ENTRY--TOPICAL TERM | |
| General subdivision | Microeconomics |
| 700 ## - ADDED ENTRY--PERSONAL NAME | |
| Fuller form of name | Richard G Lipsey |
| 942 ## - ADDED ENTRY ELEMENTS (KOHA) | |
| Source of classification or shelving scheme | |
| Koha item type | Book |
| Suppress in OPAC | MW |
| Withdrawn status | Lost status | Source of classification or shelving scheme | Damaged status | Not for loan | Permanent Location | Current Location | Shelving location | Date acquired | Total Checkouts | Full call number | Barcode | Date last seen | Copy number | Price effective from | Koha item type | Public note | Date last checked out |
|---|---|---|---|---|---|---|---|---|---|---|---|---|---|---|---|---|---|
| AU LIBRARY | AU LIBRARY | Open Shelf | 28.05.2021 | HB172 .R35 2008 C1 | 28002503 | 28.05.2021 | 1 | 28.05.2021 | Book | MW | |||||||
| AU LIBRARY | AU LIBRARY | Open Shelf | 15.06.2021 | 1 | HB172 .R35 2008 C2 | 28002598 | 21.01.2022 | 2 | 15.06.2021 | Book | DO | 14.01.2022 | |||||
| AU LIBRARY | AU LIBRARY | Open Shelf | 15.06.2021 | HB172 .R35 2008 C3 | 28002978 | 15.06.2021 | 3 | 15.06.2021 | Book | DO | |||||||
| AU LIBRARY | AU LIBRARY | Open Shelf | 15.06.2021 | 2 | HB172 .R35 2008 C4 | 28002672 | 29.09.2023 | 4 | 15.06.2021 | Book | DO | 29.09.2023 |